[Event "WJCC U20 Open 2019"]
[Site "New Delhi"]
[Date "2019.10.18"]
[Round "5.33"]
[White "Tica, Sven"]
[Black "Risting, Eivind Olav"]
[Result "1-0"]
[WhiteElo "2418"]
[BlackElo "2289"]
[Annotator "NA"]
[PlyCount "167"]
[EventDate "2019.10.15"]
[EventType "swiss"]
[EventCountry "IND"]
[SourceTitle "playchess.com"]
[Source "ChessBase"]
[SourceQuality "1"]
[TimeControl "40/5400+30:1800+30"]

1. d4 {[%emt 0:00:00]} Nf6 {[%emt 0:00:00]} 2. c4 {[%emt 0:00:00]} e6 {[%emt 0:00:00]} 3. g3 {[%emt 0:00:00]} d5 {[%emt 0:00:14]} 4. Bg2 {[%emt 0:00:00]} dxc4 {[%emt 0:00:07]} 5. Nf3 {[%emt 0:00:01]} c5 {[%emt 0:00:15]} 6. O-O {[%emt 0:00:07]} Nc6 {[%emt 0:00:18]} 7. dxc5 {[%emt 0:00:07]} Qxd1 {[%emt 0:00:12]} 8. Rxd1 {[%emt 0:00:05]} Bxc5 {[%emt 0:00:07]} 9. Nbd2 {[%emt 0:00:04]} c3 {[%emt 0:00:37]} 10. bxc3 {[%emt 0:00:05]} O-O {[%emt 0:00:09]} 11. Nb3 {[%emt 0:00:04]} Be7 {[%emt 0:00:13]} 12. Nfd4 {[%emt 0:00:06]} Bd7 {[%emt 0:00:51]} 13. Nxc6 {[%emt 0:00:06]} Bxc6 {[%emt 0:01:27]} 14. Bxc6 {[%emt 0:00:06]} bxc6 {[%emt 0:00:04]} 15. c4 {[%emt 0:00:05]} a5 {[%emt 0:17:52]} 16. Bd2 $11 {[%emt 0:00:05]} Bb4 {[%emt 0:14:47]} 17. a3 {[%emt 0:12:44]} Bxd2 {[%emt 0:01:39]} 18. Rxd2 {[%emt 0:00:05]} a4 {[%emt 0:08:59]} 19. Nc5 {[%emt 0:01:07]} Rfb8 {[%emt 0:08:25]} 20. Rd6 {[%emt 0:00:29]} h5 {[%emt 0:17:44]} 21. Rxc6 {[%emt 0:02:01]} Rb2 {[%emt 0:00:57]} 22. Kf1 {[%emt 0:02:52]} Rc2 {[%emt 0:05:51]} 23. Nd3 {[%emt 0:00:18]} Ne4 {[%emt 0:01:04]} 24. Ke1 {[%emt 0:08:24]} Rb8 {[%emt 0:02:05]} 25. Nb4 {[%emt 0:12:53]} Rb2 {[%emt 0:03:10]} 26. c5 {[%emt 0:01:21]} Nc3 {[%emt 0:01:31]} 27. Rc1 {[%emt 0:10:02]} Nxe2 {[%emt 0:03:51]} 28. Rb6 {[%emt 0:01:50]} Rc8 {[%emt 0:02:15]} 29. Rc4 {[%emt 0:00:41]} Ng1 {[%emt 0:01:48]} 30. Nc6 {[%emt 0:17:47]} Nf3+ {[%emt 0:01:06]} 31. Kd1 {[%emt 0:00:06]} Rd2+ {[%emt 0:01:06]} 32. Kc1 {[%emt 0:00:07]} Rd7 {[%emt 0:02:22]} 33. Nb8 {[%emt 0:02:08]} Ra7 {[%emt 0:02:10]} 34. c6 {[%emt 0:02:25]} Kf8 {[%emt 0:00:16]} 35. Rc3 {[%emt 0:07:20]} Nd4 {[%emt 0:01:11]} 36. Kd2 {[%emt 0:00:49]} Rac7 {[%emt 0:00:50]} 37. Kd3 {[%emt 0:00:54]} Nf5 {[%emt 0:01:22]} 38. Na6 {[%emt 0:01:04]} Rd8+ {[%emt 0:01:15]} 39. Kc4 {[%emt 0:01:14]} Rd4+ {[%emt 0:00:33]} 40. Kc5 {[%emt 0:02:09]} Rd5+ {[%emt 0:00:31]} 41. Kb4 {[%emt 0:30:20]} Rc8 {[%emt 0:01:55]} 42. c7 {[%emt 0:00:00]} Ke7 {[%emt 0:01:28]} 43. Kxa4 {[%emt 0:00:00]} Nd6 {[%emt 0:03:24]} 44. Kb4 {[%emt 0:00:00]} Rd2 {[%emt 0:01:34]} 45. Kb3 {[%emt 0:00:00]} e5 {[%emt 0:02:07]} 46. a4 {[%emt 0:00:00]} e4 {[%emt 0:01:06]} 47. a5 {[%emt 0:00:00]} Rxf2 {[%emt 0:01:22]} 48. Nb4 {[%emt 0:00:00]} Rf3 {[%emt 0:02:51]} 49. Nd5+ {[%emt 0:00:00]} Ke6 {[%emt 0:00:38]} 50. Ne3 {[%emt 0:00:00]} Kd7 {[%emt 0:02:08]} 51. a6 {[%emt 0:00:00]} Rxc7 {[%emt 0:01:01]} 52. Rxc7+ {[%emt 0:00:00]} Kxc7 {[%emt 0:00:02]} 53. a7 {[%emt 0:00:00]} Kxb6 {[%emt 0:02:19]} 54. a8=Q {[%emt 0:00:00]} Rxe3+ {[%emt 0:00:08]} 55. Kb4 {[%emt 0:00:00]} Rd3 {[%emt 0:00:43]} 56. Qa5+ {[%emt 0:00:00]} Kc6 {[%emt 0:00:40]} 57. Qc5+ {[%emt 0:00:00]} Kd7 {[%emt 0:00:20]} 58. Qxh5 {[%emt 0:00:00]} g6 {[%emt 0:02:19]} 59. Qg4+ {[%emt 0:00:38]} Nf5 {[%emt 0:00:59]} 60. Kc5 {[%emt 0:02:04]} Rd4 {[%emt 0:04:37]} 61. Qe2 {[%emt 0:01:24]} Rd6 {[%emt 0:04:17]} 62. Qxe4 {[%emt 0:02:26]} Re6 {[%emt 0:00:26]} 63. Qb7+ {[%emt 0:00:40]} Ke8 {[%emt 0:00:10]} 64. g4 {[%emt 0:00:43]} Ne3 {[%emt 0:01:33]} 65. Qf3 {[%emt 0:00:36]} Kf8 {[%emt 0:00:33]} 66. h4 {[%emt 0:00:36]} Kg7 {[%emt 0:00:35]} 67. Qf4 {[%emt 0:00:24]} Kg8 {[%emt 0:03:33]} 68. Kd4 {[%emt 0:01:36]} f5 {[%emt 0:01:09]} 69. Qb8+ {[%emt 0:00:06]} Kf7 {[%emt 0:00:27]} 70. g5 {[%emt 0:00:22]} Ng4 {[%emt 0:00:49]} 71. Qh8 {[%emt 0:00:38]} Ke7 {[%emt 0:00:30]} 72. Qg7+ {[%emt 0:00:48]} Kd6 {[%emt 0:00:20]} 73. Qf8+ {[%emt 0:00:22]} Kd7 {[%emt 0:00:31]} 74. h5 {[%emt 0:03:26]} gxh5 {[%emt 0:00:02]} 75. Qxf5 {[%emt 0:00:10]} Ke7 {[%emt 0:01:05]} 76. Qh7+ {[%emt 0:00:24]} Kd6 {[%emt 0:00:09]} 77. Qxh5 {[%emt 0:00:40]} Ne5 {[%emt 0:00:24]} 78. Qh2 {[%emt 0:00:21]} Kd7 {[%emt 0:00:33]} 79. Qxe5 {[%emt 0:02:55]} Rxe5 {[%emt 0:00:10]} 80. Kxe5 {[%emt 0:00:05]} Ke7 {[%emt 0:00:23]} 81. g6 {[%emt 0:00:11]} Ke8 {[%emt 0:00:15]} 82. Ke6 {[%emt 0:00:06]} Kf8 {[%emt 0:00:07]} 83. Kf6 {[%emt 0:00:04]} Kg8 {[%emt 0:00:05]} 84. g7 {[%emt 0:00:04]} 1-0

[Event "WJCC U20 Open 2019"]
[Site "New Delhi"]
[Date "2019.10.18"]
[Round "5.34"]
[White "Tifferet, Shaked"]
[Black "Di Benedetto, Edoardo"]
[Result "1/2-1/2"]
[WhiteElo "2224"]
[BlackElo "2401"]
[Annotator "TA"]
[PlyCount "78"]
[EventDate "2019.10.15"]
[EventType "swiss"]
[EventCountry "IND"]
[SourceTitle "playchess.com"]
[Source "ChessBase"]
[SourceQuality "1"]

{[%evp 12,78,12,13,27,20,32,25,22,27,23,15,9,-15,14,22,5,12,14,16,56,54,55,55,56,53,56,41,75,72,97,70,60,62,68,72,83,77,99,85,68,50,43,21,22,-4,-6,-4,0,0,0,0,0,0,0,0,16,0,0,0,0,0,0,0,0,0,0,0,14]} 1. Nf3 d5 2. g3 Nf6 3. Bg2 e6 4. O-O Be7 5. c4 O-O 6. b3 d4 7. e3 Nc6 {A14: English Opening: 1...e6 with b3 by White} (7... c5 8. Ne5 Qc7 9. f4 Nfd7 10. Nf3 Nc6 11. Na3 a6 12. exd4 cxd4 13. d3 b5 14. Bb2 Qb6 15. Kh1 {½-½ (30) Ding,L (2809)-Giri,A (2797) Shenzhen 2019}) 8. exd4 Nxd4 9. Bb2 Bc5 {White has an edge.} 10. Ne5 Qd6 11. Nd3 $146 ({Predecessor:} 11. Re1 a5 12. Nc3 Rd8 13. a3 Qb6 14. b4 axb4 15. Na4 Rxa4 16. Qxa4 {0-1 (43) Garcia Palermo,C (2460)-De Filomeno,S (2336) Bratto 2013}) 11... Rd8 12. Nc3 e5 13. Nxc5 Qxc5 14. Nd5 Nxd5 15. cxd5 Bf5 16. Rc1 Qa5 17. Re1 Re8 18. a3 {[%cal Ba2a3,Ba3b4][%mdl 32]} Qb6 19. Re3 Rad8 20. b4 a5 21. Qa4 axb4 22. Qxb4 Qxb4 23. axb4 f6 24. Rxc7 Rc8 25. Rxc8 ({Much weaker is} 25. Rxb7 $6 Rc2 $11) 25... Rxc8 26. h3 Nb5 27. Bc3 Kf7 {The position is equal.} 28. f4 exf4 29. gxf4 Re8 {[#] Hoping for ...Rxe3.} 30. Kf2 Rxe3 31. Kxe3 $11 {[%mdl 4096] Endgame KBB-KBN} Ke7 32. h4 Kd7 33. Bf1 Nd6 34. Kd4 b6 35. Be2 h6 36. Ke3 Kc7 37. Kd4 Bc8 38. Bd3 Bh3 39. Be4 Bc8 {Accuracy: White = 66%, Black = 74%.} 1/2-1/2

[Event "WJCC U20 Open 2019"]
[Site "New Delhi"]
[Date "2019.10.18"]
[Round "5.35"]
[White "Rajdeep Sarkar"]
[Black "Flores Quillas, Diego Saul Rodri"]
[Result "1-0"]
[WhiteElo "2384"]
[BlackElo "2164"]
[Annotator "TA"]
[PlyCount "69"]
[EventDate "2019.10.15"]
[EventType "swiss"]
[EventCountry "IND"]
[SourceTitle "playchess.com"]
[Source "ChessBase"]
[SourceQuality "1"]

{[%evp 14,69,8,0,33,35,26,28,39,50,48,49,88,79,129,77,97,91,110,58,61,65,69,53,51,66,212,181,192,156,173,125,115,63,172,72,193,205,210,204,229,182,218,208,214,208,204,204,264,249,291,269,259,275,411,408,436,429]} 1. Nf3 c5 2. c4 Nc6 3. d4 cxd4 4. Nxd4 Nf6 5. Nc3 e6 6. a3 d5 7. cxd5 exd5 8. Bg5 Be7 {A33: Symmetrical English: 2 Nf3 Nf6 3 d4 cxd4 4 Nxd4 e6 5 Nc3 Nc6} (8... Bc5 9. e3 Bxd4 10. exd4 O-O 11. Be2 h6 12. Bh4 Qd6 13. Bg3 Qe7 14. O-O Bf5 15. Re1 Qd7 16. Bf3 {½-½ (33) Navara,D (2737)-Anand,V (2783) Saint Louis 2017}) 9. e3 O-O 10. Be2 Qb6 {White has an edge.} 11. Na4 Qd8 12. O-O Ne5 $146 ({Predecessor:} 12... h6 13. Bh4 Bd7 14. Rc1 Rc8 15. Nc5 Bxc5 16. Rxc5 {½-½ (85) Levin,F (2480)-Thiel,T (2296) Germany 2014}) 13. Qb3 Bg4 14. Bxf6 ({Better is} 14. Rfd1) 14... Bxf6 $16 15. Nc3 Be6 16. Rad1 (16. Qxb7 $16 Qb8 17. Qb4) 16... Qd7 $14 17. Nxe6 fxe6 18. e4 {[%cal Re4d5]} d4 {[#] White must now prevent ...d3.} 19. f4 Ng6 (19... d3 $1 $14) 20. e5 Bd8 21. Bc4 ({Don't play} 21. Bb5 $6 Qe7 $16) 21... Kh8 22. Bxe6 Qe7 23. Ne2 ({But not} 23. Rxd4 $2 Bb6 $19) ({White should try} 23. Ne4 $16) 23... Bb6 {[#]} (23... d3 $1 $14 24. Rxd3 Bb6+ 25. Kh1 Rae8) 24. Kh1 (24. Rd3 $1 $18 {is the precise move to win.}) 24... Rad8 (24... d3 $16 25. Rxd3 Rae8) 25. Bc4 Nh4 26. Bd3 g5 27. g3 $36 {[%mdl 2048] Black is under strong pressure.} Ng6 28. Bxg6 hxg6 29. Qd3 Kg7 30. Qe4 Qf7 31. Nxd4 Bxd4 32. Rxd4 Rxd4 33. Qxd4 {aiming for e6+.} Qc7 (33... Qe6 {might work better.} 34. Qxa7 Qd5+ 35. Kg1 gxf4 36. gxf4 Qe4) 34. e6+ $18 Kh7 35. Qd7+ {Accuracy: White = 57%, Black = 23%.} 1-0

[Event "WJCC U20 Open 2019"]
[Site "New Delhi"]
[Date "2019.10.18"]
[Round "5.36"]
[White "Milikow, Yoav"]
[Black "Muthaiah AL"]
[Result "1-0"]
[WhiteElo "2199"]
[BlackElo "2370"]
[Annotator "NA"]
[PlyCount "63"]
[EventDate "2019.10.15"]
[EventType "swiss"]
[EventCountry "IND"]
[SourceTitle "playchess.com"]
[Source "ChessBase"]
[SourceQuality "1"]
[TimeControl "40/5400+30:1800+30"]

1. d4 {[%emt 0:00:00]} d6 {[%emt 0:00:59]} 2. e4 {[%emt 0:00:12]} g6 {[%emt 0:00:31]} 3. Nc3 {[%emt 0:00:46]} Bg7 {[%emt 0:00:30]} 4. Be3 {[%emt 0:00:50]} a6 {[%emt 0:01:00]} 5. Qd2 {[%emt 0:01:45]} b5 {[%emt 0:00:55]} 6. Nf3 {[%emt 0:07:34]} Bb7 {[%emt 0:02:29]} 7. O-O-O {[%emt 0:05:03]} Nf6 {[%emt 0:23:57]} 8. e5 {[%emt 0:10:36]} dxe5 {[%emt 0:02:00]} 9. Nxe5 {[%emt 0:00:37]} O-O {[%emt 0:02:43]} 10. Kb1 {[%emt 0:06:18]} Nbd7 {[%emt 0:05:40]} 11. f4 {[%emt 0:09:03]} e6 {[%emt 0:07:41]} 12. a3 {[%emt 0:03:51]} Qe7 {[%emt 0:01:59]} 13. Rg1 {[%emt 0:08:39]} Rfd8 {[%emt 0:05:09]} 14. g4 {[%emt 0:02:34]} c5 {[%emt 0:12:48]} 15. Bg2 {[%emt 0:02:18]} Nb6 {[%emt 0:02:33]} 16. Qe2 {[%emt 0:03:19]} cxd4 {[%emt 0:09:32]} 17. Bxd4 {[%emt 0:01:06]} Nbd5 {[%emt 0:01:07]} 18. Nxd5 {[%emt 0:01:43]} Nxd5 {[%emt 0:00:15]} 19. Qf2 {[%emt 0:01:31]} Rac8 {[%emt 0:02:37]} 20. g5 {[%emt 0:01:30]} b4 {[%emt 0:04:31]} 21. axb4 {[%emt 0:00:18]} Qxb4 {[%emt 0:06:56]} 22. Rd3 {[%emt 0:01:34]} Bxe5 {[%emt 0:01:06]} 23. Bxe5 {[%emt 0:00:54]} Qc4 {[%emt 0:00:57]} 24. Rgd1 {[%emt 0:01:06]} Re8 {[%emt 0:01:41]} 25. b3 {[%emt 0:02:12]} Qb4 {[%emt 0:00:20]} 26. Qh4 {[%emt 0:01:31]} h5 {[%emt 0:02:06]} 27. gxh6 {[%emt 0:00:21]} Kh7 {[%emt 0:00:11]} 28. Bxd5 {[%emt 0:00:42]} Bxd5 {[%emt 0:00:30]} 29. Qf6 {[%emt 0:00:31]} Qf8 {[%emt 0:00:08]} 30. Rh3 {[%emt 0:00:26]} g5 {[%emt 0:00:25]} 31. Rxd5 {[%emt 0:00:38]} g4 {[%emt 0:00:54]} 32. Rd7 {[%emt 0:00:33]} 1-0

[Event "WJCC U20 Open 2019"]
[Site "New Delhi"]
[Date "2019.10.18"]
[Round "5.37"]
[White "Kukelko, Alexey"]
[Black "Maltezeanu, Stefan"]
[Result "1-0"]
[WhiteElo "2342"]
[BlackElo "2102"]
[Annotator "NA"]
[PlyCount "117"]
[EventDate "2019.10.15"]
[EventType "swiss"]
[EventCountry "IND"]
[SourceTitle "playchess.com"]
[Source "ChessBase"]
[SourceQuality "1"]
[TimeControl "40/5400+30:1800+30"]

1. e4 {[%emt 0:00:00]} c5 {[%emt 0:00:00]} 2. Nf3 {[%emt 0:00:00]} d6 {[%emt 0:00:00]} 3. d4 {[%emt 0:00:08]} cxd4 {[%emt 0:00:00]} 4. Nxd4 {[%emt 0:00:03]} Nf6 {[%emt 0:00:04]} 5. Nc3 {[%emt 0:00:10]} g6 {[%emt 0:00:05]} 6. Be3 {[%emt 0:00:26]} Bg7 {[%emt 0:00:10]} 7. f3 {[%emt 0:00:19]} Nc6 {[%emt 0:00:10]} 8. Qd2 {[%emt 0:00:07]} O-O {[%emt 0:00:12]} 9. O-O-O {[%emt 0:00:09]} d5 {[%emt 0:00:06]} 10. Kb1 {[%emt 0:00:25]} Nxd4 {[%emt 0:01:14]} 11. e5 {[%emt 0:00:14]} Nf5 {[%emt 0:00:30]} 12. exf6 {[%emt 0:00:05]} exf6 {[%emt 0:00:04]} 13. Nxd5 {[%emt 0:00:06]} Nxe3 {[%emt 0:01:19]} 14. Qxe3 {[%emt 0:00:04]} Be6 {[%emt 0:02:32]} 15. Bc4 {[%emt 0:00:06]} Bxd5 {[%emt 0:06:54]} 16. Bxd5 Qc7 {[%emt 0:02:25]} 17. h4 {[%emt 0:02:51]} Rfe8 {[%emt 0:04:40]} 18. Qb3 {[%emt 0:04:04]} Re7 {[%emt 0:02:59]} 19. g4 {[%emt 0:03:00]} Rb8 {[%emt 0:10:37]} 20. h5 {[%emt 0:11:46]} b5 {[%emt 0:01:34]} 21. Rhe1 {[%emt 0:14:38]} a5 {[%emt 0:07:12]} 22. Rxe7 {[%emt 0:24:06]} Qxe7 {[%emt 0:00:06]} 23. a4 {[%emt 0:00:19]} b4 {[%emt 0:17:57]} 24. hxg6 {[%emt 0:04:25]} hxg6 {[%emt 0:00:07]} 25. Be4 {[%emt 0:00:02]} Rd8 {[%emt 0:11:25]} 26. Rxd8+ {[%emt 0:00:46]} Qxd8 {[%emt 0:00:05]} 27. Bxg6 {[%emt 0:00:03]} Qc7 {[%emt 0:00:35]} 28. Qd5 {[%emt 0:02:39]} Bf8 {[%emt 0:03:16]} 29. Be4 {[%emt 0:07:15]} Bd6 {[%emt 0:04:20]} 30. Qf5 {[%emt 0:05:16]} Be5 {[%emt 0:03:36]} 31. Bd5 {[%emt 0:01:51]} Kg7 {[%emt 0:04:08]} 32. Bb3 {[%emt 0:02:53]} Bf4 {[%emt 0:09:54]} 33. Ka2 {[%emt 0:06:58]} Be5 {[%emt 0:04:09]} 34. Qh5 {[%emt 0:04:19]} Bf4 {[%emt 0:01:10]} 35. Kb1 {[%emt 0:01:07]} Be3 {[%emt 0:01:08]} 36. Bd5 {[%emt 0:00:33]} Bf4 {[%emt 0:00:53]} 37. Qf5 {[%emt 0:01:31]} Be5 {[%emt 0:00:37]} 38. Be4 {[%emt 0:00:42]} Kf8 {[%emt 0:01:41]} 39. Qh5 {[%emt 0:01:35]} Kg7 {[%emt 0:00:58]} 40. Qh7+ {[%emt 0:01:02]} Kf8 {[%emt 0:00:08]} 41. Bd5 {[%emt 0:31:56]} Qd7 {[%emt 0:02:53]} 42. Bb3 {[%emt 0:00:00]} Qc7 {[%emt 0:00:42]} 43. Qh8+ {[%emt 0:00:00]} Ke7 {[%emt 0:00:10]} 44. Qg8 {[%emt 0:00:00]} Kd6 {[%emt 0:01:58]} 45. Bxf7 {[%emt 0:00:00]} Kc5 {[%emt 0:01:52]} 46. Qe8 {[%emt 0:00:00]} Qc6 {[%emt 0:03:43]} 47. Qe7+ {[%emt 0:00:00]} Kb6 {[%emt 0:00:11]} 48. g5 {[%emt 0:00:00]} Qd6 {[%emt 0:12:27]} 49. Qxd6+ {[%emt 0:00:00]} Bxd6 {[%emt 0:00:05]} 50. g6 {[%emt 0:00:00]} Bf8 {[%emt 0:00:12]} 51. c3 {[%emt 0:00:00]} Kc5 {[%emt 0:01:24]} 52. Kc2 {[%emt 0:00:00]} bxc3 {[%emt 0:02:24]} 53. bxc3 {[%emt 0:00:00]} Kd6 {[%emt 0:03:14]} 54. Kd3 {[%emt 0:00:00]} f5 {[%emt 0:02:21]} 55. f4 {[%emt 0:04:37]} Bg7 {[%emt 0:00:52]} 56. c4 {[%emt 0:00:04]} Bb2 {[%emt 0:00:58]} 57. Ke3 {[%emt 0:00:06]} Ke7 {[%emt 0:03:07]} 58. c5 {[%emt 0:01:25]} Bd4+ {[%emt 0:00:10]} 59. Kxd4 {[%emt 0:02:25]} 1-0

[Event "WJCC U20 Open 2019"]
[Site "New Delhi"]
[Date "2019.10.18"]
[Round "5.38"]
[White "Hamad Essam"]
[Black "Pranav Vijay"]
[Result "0-1"]
[WhiteElo "1849"]
[BlackElo "2265"]
[Annotator "NA"]
[PlyCount "145"]
[EventDate "2019.10.15"]
[EventType "swiss"]
[EventCountry "IND"]
[SourceTitle "playchess.com"]
[Source "ChessBase"]
[SourceQuality "1"]
[TimeControl "40/5400+30:1800+30"]

1. e4 c5 2. Nf3 Nc6 3. c3 Nf6 4. e5 Nd5 5. d4 cxd4 6. cxd4 d6 7. Bc4 Nb6 8. Bb5 Bd7 9. exd6 e6 10. Nc3 Bxd6 11. O-O a6 12. Bd3 Nb4 13. Bb1 Rc8 14. Ne4 Bc6 15. Nxd6+ Qxd6 16. Ne5 N4d5 17. Qg4 Kf8 18. Qg3 Qc7 19. Nxc6 Qxg3 20. hxg3 Rxc6 21. Be4 Ke7 22. Bd2 Rc4 23. Rfd1 Kd7 24. Ba5 f5 25. Bf3 Rb8 26. g4 g6 27. gxf5 gxf5 28. Rd2 Kd6 29. Re1 Nd7 30. b3 Rcc8 31. Rde2 Re8 32. g3 Rbc8 33. Kg2 N7f6 34. Bd2 Rc2 35. Bg5 Rxe2 36. Rxe2 b6 37. Rc2 Ne4 38. Bxe4 fxe4 39. Re2 Rg8 40. Bc1 Rg4 41. Kh3 h5 42. Rc2 Kd7 43. a3 b5 44. Bd2 Rg6 45. Kh4 Rf6 46. Bc1 Rf3 47. b4 Rd3 48. Kxh5 Rxd4 49. Bb2 Rd3 50. Re2 Rb3 51. Kh4 Kd6 52. g4 Nf4 53. Rc2 Nd3 54. Bf6 Rxa3 55. g5 Nf4 56. Rc8 Rf3 57. Rd8+ Kc7 58. Rd4 Nd5 59. Be5+ Kd7 60. Rxe4 Rxf2 61. g6 Ke7 62. g7 Kf7 63. Bg3 Rf6 64. Be5 Rh6+ 65. Kg5 Rg6+ 66. Kh4 Nf6 67. Rf4 Rg3 68. Kxg3 Kxg7 69. Rd4 Kg6 70. Rd8 Kf5 71. Ba1 Nd5 72. Rf8+ Ke4 73. Bb2 0-1

[Event "WJCC U20 Open 2019"]
[Site "New Delhi"]
[Date "2019.10.18"]
[Round "5.39"]
[White "Nigmatov, Ortik"]
[Black "Sivathanujan, S."]
[Result "1-0"]
[WhiteElo "2494"]
[BlackElo "1766"]
[Annotator "TA"]
[PlyCount "111"]
[EventDate "2019.10.15"]
[EventType "swiss"]
[EventCountry "IND"]
[SourceTitle "playchess.com"]
[Source "ChessBase"]
[SourceQuality "1"]

{[%evp 13,111,34,22,12,8,4,7,0,13,0,61,48,48,58,60,35,62,19,12,15,21,20,18,-50,-3,-28,43,39,45,39,38,40,29,33,39,41,32,8,8,0,6,6,6,-18,-3,-3,-6,-7,0,-3,0,0,0,0,15,12,17,106,240,234,224,219,225,172,177,170,320,329,300,307,489,477,484,460,417,377,1202,1198,1119,1093,1059,886,29956,29957,29957,29958,29971,29972,29973,29974,29974,29975,29969,12839,7674,6518,6191,5963,29992,29993]} 1. e4 e5 2. Nf3 Nc6 3. Bc4 Bc5 4. c3 Nf6 5. d4 exd4 6. O-O d6 7. cxd4 Bb6 8. Bb5 {[#] d5 is the strong threat. C56: Two Knights: 4 d4 exd4 5 0-0 Nxe4} (8. h3 O-O 9. d5 Ne5 10. Nxe5 dxe5 11. Nc3 Ne8 12. Qe2 Nd6 13. Bd3 f5 14. exf5 Bxf5 15. Be3 e4 16. Bc2 {½-½ (57) Iordachescu,V (2614)-Rapport,R (2680) Kozloduy 2013}) 8... O-O 9. Nc3 Bg4 10. Be3 {The position is equal.} Qe7 $146 ({Predecessor:} 10... h6 11. Bxc6 {½-½ (11) Milder,L (2065)-Svana,K (2020) Slovakia 2018}) 11. Qd3 Ba5 (11... Bxf3 $11 12. gxf3 a6) 12. Bxc6 $14 bxc6 13. Nd2 Rab8 14. Rab1 Rfe8 15. Rfe1 Bh5 16. Bg5 h6 17. Bxf6 Qxf6 18. Qc4 (18. Nb3 $11 Bb6 19. Qc4) 18... Qg5 (18... d5 $5 {[%cal Rd5c4]} 19. Qa4 Qf4 $15) 19. Nf1 Bxc3 (19... c5 $11) 20. Qxc3 Rb6 21. Rbc1 Bg6 22. Nd2 c5 23. dxc5 Qxc5 24. Qxc5 dxc5 25. Nc4 Ra6 26. a3 Rxe4 27. Rxe4 Bxe4 $11 {[%mdl 4096] Endgame KRB-KRN} 28. Rd1 Re6 29. f3 Bc6 30. Kf2 Bb5 31. Ne3 Rd6 32. Rxd6 cxd6 {KB-KN} 33. Nf5 Kf8 34. Nxd6 Bc6 35. Ke3 a6 (35... Ke7 $16 36. Ne4 Bxe4 37. Kxe4 Ke6) 36. Ne4 $18 Ke7 37. Nxc5 a5 38. a4 Kd6 39. Kd4 f5 {[#]} (39... Kc7 {might work better.} 40. b4 axb4) 40. Nb3 $1 {[%cal Rb3a5]} Bxa4 41. Nxa5 g5 (41... h5 $142 42. Nc4+ Ke6) 42. b3 Bd7 43. Nc4+ Ke6 44. g3 Kf6 $2 (44... f4 45. gxf4 Kf5 46. fxg5 hxg5) 45. f4 Bc6 46. Ne5 Ba8 47. b4 {[%cal Bb3b4,Bb4b5,Bb5b6,Bb6b7][%mdl 32]} h5 48. h4 gxf4 49. gxf4 Ke6 50. Kc5 Bg2 51. b5 Ba8 52. b6 Bb7 53. Nc6 (53. Nc4 $142 Bg2 54. Nd6 Kd7 55. Nxf5 Ke6 56. Ng7+ Kf6 57. Nxh5+ Kf5 58. Kd6) 53... Kd7 54. Nd4 Be4 55. Nb5 Bc2 56. b7 {Accuracy: White = 66%, Black = 33%.} 1-0

[Event "WJCC U20 Open 2019"]
[Site "New Delhi"]
[Date "2019.10.18"]
[Round "5.40"]
[White "Mohd Saprin, Amir Ghaazi"]
[Black "Muradli, Mahammad"]
[Result "0-1"]
[WhiteElo "1942"]
[BlackElo "2459"]
[Annotator "RC"]
[PlyCount "88"]
[EventDate "2019.10.15"]
[EventType "swiss"]
[EventCountry "IND"]
[SourceTitle "playchess.com"]
[Source "ChessBase"]
[SourceQuality "1"]
[TimeControl "40/5400+30:1800+30"]

1. Nf3 Nf6 2. c4 e6 3. g3 d5 4. Bg2 dxc4 5. Qa4+ c6 6. Qxc4 b5 7. Qc2 Bb7 8. O-O Nbd7 9. d4 c5 10. Nc3 a6 11. Rd1 Rc8 12. d5 Nxd5 13. Nxd5 Bxd5 14. e4 Bc6 15. Ne5 Qc7 16. Nxc6 Qxc6 17. Bf4 c4 18. Rac1 Be7 19. Bd6 Bxd6 20. e5 Qc5 21. exd6 O-O 22. Qe4 Qe5 23. Qb7 Nc5 24. Qe7 Rce8 25. Qa7 Rd8 26. b3 Nd3 27. Rc2 Nb4 28. f4 Qf5 29. Re2 Qh5 30. Qe3 Nd3 31. Bf3 Qh6 32. bxc4 bxc4 33. Qd4 Qf6 34. Qxc4 Nb2 35. Rxb2 Qxb2 36. Qxa6 Rd7 37. Bc6 Qc2 38. Ba4 Qxa2 39. Qb5 Rfd8 40. Qb4 Ra7 41. Qb6 Raa8 42. Bb3 Qa7 43. Qxa7 Rxa7 44. Rc1 Rad7 0-1

[Event "WJCC U20 Open 2019"]
[Site "New Delhi"]
[Date "2019.10.18"]
[Round "5.41"]
[White "Cansun, Can Alp"]
[Black "Swarnavo Choudhury"]
[Result "1-0"]
[WhiteElo "2199"]
[BlackElo "1797"]
[Annotator "TA"]
[PlyCount "55"]
[EventDate "2019.10.15"]
[EventType "swiss"]
[EventCountry "IND"]
[SourceTitle "playchess.com"]
[Source "ChessBase"]
[SourceQuality "1"]

{[%evp 20,61,50,55,89,60,70,71,65,55,102,93,101,91,104,103,185,189,161,152,167,68,333,293,718,721,780,773,1818,1216,1735,1636,29997,29990,29990,29989,29994,29993,29993,29994,29998,29997,29997,29998]} 1. e4 c5 2. Nf3 e6 3. c3 Nf6 4. e5 Nd5 5. d4 cxd4 6. cxd4 d6 7. a3 Nc6 8. Bd3 Be7 9. O-O O-O 10. Qe2 dxe5 11. dxe5 b6 {[#] B22: Sicilian: 2 c3} 12. Qe4 $1 {[%csl Gd3][%cal Re4h7][%mdl 512]} g6 13. Bh6 Re8 {White is better.} 14. Rd1 $146 ({Predecessor:} 14. Nbd2 Bb7 15. Rac1 a6 16. Bb1 b5 17. Qg4 Qb8 18. Rfe1 Ra7 19. h4 {1-0 (36) Mammadova,N (2183)-Ahmadzada,A (2207) Nakhchivan 2016}) 14... Qc7 15. Nbd2 Bb7 16. Rac1 Rac8 17. h4 Qb8 (17... Bf8 $16 18. Bxf8 Rxf8) 18. h5 $1 $18 Bf8 19. Bxf8 $1 ({Much less strong is} 19. hxg6 $6 fxg6 20. Bg5 a6 $16) 19... Rxf8 {[#]} 20. hxg6 (20. Nc4 $1 $18) 20... hxg6 $2 {[%mdl 8192] [#]} (20... fxg6 $14 21. g3 Nce7) 21. Nc4 $1 Na5 $2 (21... Nce7 22. Nd6 Kg7 23. Nxc8 Bxc8) 22. Ng5 {White threatens Qh4 and mate.} Rc7 23. Qh4 {[%csl Gg5][%cal Rh4h7]} Re8 24. Qh7+ Kf8 {[#]} 25. Nd6 $1 {[%mdl 576] Intending Rxc7 and mate. Double Attack} Rd8 26. Ngxf7 {White mates.} Nc6 27. Bxg6 Rdd7 {[#]} 28. Qh8+ {Played: Rd1xd5} 1-0